| 000 | 00488nam a2200181Ia 4500 | ||
|---|---|---|---|
| 008 | 230917s9999||||xx |||||||||||||| ||und|| | ||
| 020 | _cUSD82 | ||
| 040 |
_e231779 _aMAIN |
||
| 041 | _aEnglish | ||
| 082 | _a541.46 P631S(7) | ||
| 100 | _aPinet, Paul R | ||
| 245 | 0 | _aInvitation to Oceanography | |
| 250 | _a7th ed. | ||
| 260 |
_aBurlington _bJones & Bartlett Learning _c2016 |
||
| 300 | _axxiii, 661 p. | ||
| 500 | _a2277 05/02/2016 RBP15/50032 12/02/2016 Main Budget | ||
| 942 | _cBK | ||
| 999 |
_c18090 _d18090 |
||